000
00327nam a2200109Ia 4500
008
171211s9999 xx 000 0 und d
245
_a
How to Become the Greatest at Oral Sex 2: The Practical Guide
245
_c
Jessica King
260
_c
2012
650
_x
Sexuality
856
_u
http://down.ebook777.com/059/9780807830314.pdf
999
_c
350789
_d
350789